Welcome to WEB OPAC of MRSPTU Central Library

Elementary statistical mechanics (Record no. 6163)

MARC details
000 -LEADER
fixed length control field 00436nam a2200181Ia 4500
008 - FIXED-LENGTH DATA ELEMENTS--GENERAL INFORMATION
fixed length control field 230711s9999||||xx |||||||||||||| ||und||
020 ## - INTERNATIONAL STANDARD BOOK NUMBER
International Standard Book Number 978-93-85904-42-4
041 ## - LANGUAGE CODE
Language code of text/sound track or separate title ENG
082 ## - DEWEY DECIMAL CLASSIFICATION NUMBER
Classification number 530.13
Item number GU-S
100 ## - MAIN ENTRY--PERSONAL NAME
Personal name Gupta,S.L
245 #0 - TITLE STATEMENT
Title Elementary statistical mechanics
250 ## - EDITION STATEMENT
Edition statement 20th Ed.
260 ## - PUBLICATION, DISTRIBUTION, ETC.
Date of publication, distribution, etc. 2016
Place of publication, distribution, etc. New Delhi
Name of publisher, distributor, etc. Pragati Parkashan Meerut
300 ## - PHYSICAL DESCRIPTION
Extent 399p.
650 ## - SUBJECT ADDED ENTRY--TOPICAL TERM
Topical term or geographic name entry element Physics
700 ## - ADDED ENTRY--PERSONAL NAME
Personal name Kumar,V
942 ## - ADDED ENTRY ELEMENTS (KOHA)
Koha item type Book
Holdings
Withdrawn status Lost status Damaged status Not for loan Collection Home library Current library Date acquired Cost, normal purchase price Inventory number Total checkouts Full call number Barcode Date last seen Price effective from Koha item type
          MRSPTU Central Library MRSPTU Central Library   370.00 KBD/2016-2017/963042808   530.13 GU-S 34385 08/17/2023 08/17/2023 Book
          MRSPTU Central Library MRSPTU Central Library   370.00 KBD/2016-2017/963042808   530.13 GU-S 34386 08/17/2023 08/17/2023 Book
          MRSPTU Central Library MRSPTU Central Library   370.00 KBD/2016-2017/963042808   530.13 GU-S 34387 08/17/2023 08/17/2023 Book
          MRSPTU Central Library MRSPTU Central Library   370.00 KBD/2016-2017/963042808   530.13 GU-S 34388 08/17/2023 08/17/2023 Book
          MRSPTU Central Library MRSPTU Central Library   370.00 KBD/2016-2017/963042808   530.13 GU-S 34389 08/17/2023 08/17/2023 Book
          MRSPTU Central Library MRSPTU Central Library   370.00 KBD/2016-2017/963042808   530.13 GU-S 34390 08/17/2023 08/17/2023 Book
          MRSPTU Central Library MRSPTU Central Library   370.00 KBD/2016-2017/963042808   530.13 GU-S 34391 08/17/2023 08/17/2023 Book
          MRSPTU Central Library MRSPTU Central Library   370.00 KBD/2016-2017/963042808   530.13 GU-S 34392 08/17/2023 08/17/2023 Book
          MRSPTU Central Library MRSPTU Central Library   370.00 KBD/2016-2017/963042808   530.13 GU-S 34393 08/17/2023 08/17/2023 Book
          MRSPTU Central Library MRSPTU Central Library   370.00 KBD/2016-2017/963042808   530.13 GU-S 34394 08/17/2023 08/17/2023 Book

Website Designed and Developed by MRSPTU Central Library Team

E-mail Id: librarian@mrsptu.ac.in